000 00462pab a2200157 454500
008 180718b2005 xxu||||| |||| 00| 0 eng d
100 _aSpano, Richard
245 _aSocial guardianship and social isolation: an application and extension of lifestyle/routine activities theory in rural adolescents
260 _c2005
300 _ap.414-37.
362 _aSep
650 _aAdolescence
700 _aNagy, Steve
773 _aRural Sociology
909 _a67040
999 _c67040
_d67040